Hoá học hữu cơ

שמור ב:
מידע ביבליוגרפי
מחבר ראשי: Văn Đình Đệ ... [et al.]
פורמט: ספר
שפה:Undetermined
יצא לאור: H. KHKT 2002
נושאים:
תגים: הוספת תג
אין תגיות, היה/י הראשונ/ה לתייג את הרשומה!
Thư viện lưu trữ: Trung tâm Học liệu Trường Đại học Cần Thơ
LEADER 00486nam a2200181Ia 4500
001 CTU_54491
008 210402s9999 xx 000 0 und d
020 |b 26000 
082 |a 547 
082 |b H401 
100 |a Văn Đình Đệ ... [et al.] 
245 0 |a Hoá học hữu cơ 
245 0 |c Văn Đình Đệ ... [et al.] 
260 |a H. 
260 |b KHKT 
260 |c 2002 
650 |a chemistry, organic 
980 |a Trung tâm Học liệu Trường Đại học Cần Thơ